Statistics for The Man - Taylor Swift (All Lyrics)

Click here to take the quiz!

General Stats

  • This quiz has been taken 66 times
  • The average score is 381 of 431

Answer Stats

Lyrics% Correct
I
100%
be
98%
man)
98%
(Man)
98%
man,
98%
man),
98%
man
98%
(Man,
98%
the
98%
a
96%
would
96%
for
94%
if
94%
(If
94%
If
94%
me
94%
me,
94%
So
94%
so
94%
they
94%
They
94%
an
91%
And
91%
and
91%
I'd
91%
like?
91%
like
91%
okay
91%
to
91%
was
91%
as
89%
(As
89%
complex,
89%
cool
89%
do
89%
fast
89%
I'm
89%
it
89%
of
89%
quicker
89%
running
89%
sick
89%
that)
89%
that
89%
then
89%
(Then
89%
Then
89%
there
89%
(You
89%
you
89%
again)
87%
again
87%
at
87%
can
87%
can)
87%
comin'
87%
(Comin'
87%
get
87%
in
87%
my
87%
What
87%
'Cause
85%
Every
85%
leader,
85%
play
85%
say
85%
them
85%
When
85%
Wonderin'
85%
good
83%
mad
83%
make
83%
more
83%
They'd
83%
What's
83%
what's
83%
wearing,
81%
before
79%
boss
79%
everyone
79%
fearless
79%
field
79%
found
79%
how
79%
it's
79%
moves
79%
power
79%
someone
79%
this
79%
all
77%
alpha
77%
bad
77%
commit
77%
Could
77%
deserve
77%
just
77%
Leo
77%
made
77%
much
77%
question
77%
type
77%
work
77%
your
77%
believes
74%
bitch,
74%
ideas
74%
played
74%
rude
74%
wouldn't
74%
from
72%
had
72%
not
72%
put
72%
conquest
70%
oh)
70%
oh
70%
Saint
70%
their
70%
shake
68%
you're
68%
heads
66%
hustled,
66%
let
66%
models?
66%
ya,
66%
bitches
64%
dollars
64%
out
64%
players
64%
separated
64%
Tropez
64%
yeah)
62%
getting
55%
toast
55%
baller
53%
know
53%
paint
53%
flashin'
51%
about
45%
raking
43%
brag
38%
(Hey)
28%
(Ayy),
4%

Score Distribution

Percentile by Number Answered

Percent of People with Each Score

Your Score History

You have not taken this quiz